logo

Bir Sreshtho Munshi Abdur Rouf Library
Jhenaidah Cadet College

Science puzzles for clever kids : (Record no. 14388)

MARC details
000 -LEADER
fixed length control field 00734nam a2200229 a 4500
001 - CONTROL NUMBER
JCCL Control Number 14388
003 - CONTROL NUMBER IDENTIFIER
JCCL marc code BD-JhCC
005 - DATE AND TIME OF LATEST TRANSACTION
control field 20250908094218.0
008 - FIXED-LENGTH DATA ELEMENTS--GENERAL INFORMATION
fixed length control field 250908b2020 nyua|||| ||a| 001 0 eng d
020 ## - INTERNATIONAL STANDARD BOOK NUMBER
International Standard Book Number 9781780556635
035 ## - SYSTEM CONTROL NUMBER
system control number (BD-JhCC)14388
040 ## - CATALOGING SOURCE
Original cataloging agency BD-JhCC
Modifying agency BD-JhCC
041 ## - LANGUAGE CODE
Language code of Book english
082 ## - DEWEY DECIMAL CLASSIFICATION NUMBER
Classification number 793.74
Author mark and Year MOO 2020
100 ## - MAIN ENTRY--PERSONAL NAME
Personal name Moore,Gareth
245 ## - TITLE STATEMENT
Title Science puzzles for clever kids :
Remainder of title over 100 STEM puzzles to exercise your mind /
Statement of responsibility, etc Gareth Moore.
260 ## - PUBLICATION, DISTRIBUTION, ETC. (IMPRINT)
Place of publication, distribution, etc London:
Name of publisher, distributor, etc Buster Books;
Date of publication, distribution, etc 2020.
300 ## - PHYSICAL DESCRIPTION
Pagination 96 p. :
Other physical details ill;
Dimensions 20 cm.
490 ## - SERIES STATEMENT
Series statement Buster brain games
650 ## - SUBJECT ADDED ENTRY--TOPICAL TERM
Topical term or geographic name as entry element Jeux intellectuels Ouvrages pour la jeunesse
General subdivision Juvenile works
Chronological subdivision Puzzles
Geographic subdivision Puzzles Juvenile literature
942 ## - ADDED ENTRY ELEMENTS (KOHA)
Source of classification or shelving scheme Dewey Decimal Classification
Koha item type Books
Holdings
Source of classification or shelving scheme volume number Damaged status Not for loan Home library Current library Shelving location Date of accession Cost, normal purchase price Total Checkouts Full call number Barcode Date last seen Copy number Method of acquisition Koha item type Currency
Dewey Decimal Classification V-1     JCC Rouf Library JCC Rouf Library General Stacks   480.00   793.74 MOO 2020 20249 09/08/2025 C-1 Purchase Books BDT
Dewey Decimal Classification V-1     JCC Rouf Library JCC Rouf Library General Stacks   480.00   793.74 MOO 2020 20250 09/08/2025 C-2 Purchase Books BDT

JCC Library | Contacts | JCC Home

Last Update on 23 September 2017
Copyright @ 2017-2020 JCC Rouf Library
Rouf Library, Jhenidah Cadet College (JCC), Bangladesh